000 00343nam a2200133Ia 4500
008 231129s1970||||xx |||||||||||||| ||spa||
040 _bspa
082 _a388 B851
100 _aBridges J.K
245 0 _aHistoria de las comunicaciones: Transportes terrestres
260 _c1970
264 _aBarecelona EspaƱa: Salvat
942 _2ddc
_cBKS
999 _c15186
_d15186